| 000 | 00842cam a2200229 a 4500 | ||
|---|---|---|---|
| 001 | 000014464 | ||
| 005 | 20200929163844.0 | ||
| 008 | 030515s2002 ck b 000 0 spa | ||
| 020 | _a9586521397 | ||
| 040 |
_aDO-SdBNP _bspa _cBNPHU |
||
| 050 | 0 | 0 |
_aHV551.5.C7 _bE97 2002 |
| 082 |
_a306.4 _bE96v |
||
| 245 | 0 | 0 |
_aExpresión y vida : _bpracticas en la diferencia. |
| 260 |
_aBogotá : _bEscuela Superior de Administración Pública ; _bInstituto de Investigaciones-Grupo de Derechos Humanos, _c2002. |
||
| 300 |
_a333 p. ; _c24 cm. |
||
| 504 | _aIncluye referencias bibliográficas. | ||
| 650 | 4 |
_aResiliencia (psicología) _932662 |
|
| 650 | 4 |
_aCambio cultural _932663 |
|
| 710 | 1 |
_aEscuela Superior de Administración Pública (Colombia). _bInstituto de Investigaciones. _932664 |
|
| 910 | _aCatalogación por copia / LC | ||
| 049 | _aBNGR | ||
| 999 |
_c14053 _d14053 |
||